<?xml version="1.0" encoding="UTF-8"?>
<record
    xmlns:xsi="http://www.w3.org/2001/XMLSchema-instance"
    xsi:schemaLocation="http://www.loc.gov/MARC21/slim http://www.loc.gov/standards/marcxml/schema/MARC21slim.xsd"
    xmlns="http://www.loc.gov/MARC21/slim">

  <leader>00357nam a2200133Ia 4500</leader>
  <controlfield tag="008">191201s2005    xx            000 0 und d</controlfield>
  <datafield tag="082" ind1=" " ind2=" ">
    <subfield code="a">621.37</subfield>
    <subfield code="b">GUE</subfield>
  </datafield>
  <datafield tag="100" ind1=" " ind2=" ">
    <subfield code="a">GUPTA, J B</subfield>
  </datafield>
  <datafield tag="245" ind1=" " ind2="0">
    <subfield code="a">Electrical Engineering Material and Semiconductor Devices</subfield>
  </datafield>
  <datafield tag="260" ind1=" " ind2=" ">
    <subfield code="a">N.Delhi</subfield>
    <subfield code="b">S K Kataria and Sons</subfield>
    <subfield code="c">2005</subfield>
  </datafield>
  <datafield tag="300" ind1=" " ind2=" ">
    <subfield code="a">492</subfield>
  </datafield>
  <datafield tag="650" ind1=" " ind2=" ">
    <subfield code="a">B.Tech(ECE)</subfield>
  </datafield>
  <datafield tag="942" ind1=" " ind2=" ">
    <subfield code="2">ddc</subfield>
    <subfield code="c">BK</subfield>
  </datafield>
  <datafield tag="999" ind1=" " ind2=" ">
    <subfield code="c">968</subfield>
    <subfield code="d">968</subfield>
  </datafield>
  <datafield tag="952" ind1=" " ind2=" ">
    <subfield code="0">0</subfield>
    <subfield code="1">0</subfield>
    <subfield code="2">ddc</subfield>
    <subfield code="4">0</subfield>
    <subfield code="7">0</subfield>
    <subfield code="8">BTECHECE</subfield>
    <subfield code="a">PIET</subfield>
    <subfield code="b">PIET</subfield>
    <subfield code="d">2006-08-09</subfield>
    <subfield code="e">UDH, Delhi</subfield>
    <subfield code="g">175.00</subfield>
    <subfield code="k">CM 4732</subfield>
    <subfield code="l">0</subfield>
    <subfield code="o">621.37 GUE</subfield>
    <subfield code="p">911</subfield>
    <subfield code="r">2019-12-04 00:00:00</subfield>
    <subfield code="w">2005-08-22</subfield>
    <subfield code="y">BK</subfield>
  </datafield>
  <datafield tag="952" ind1=" " ind2=" ">
    <subfield code="0">0</subfield>
    <subfield code="1">0</subfield>
    <subfield code="2">ddc</subfield>
    <subfield code="4">0</subfield>
    <subfield code="7">0</subfield>
    <subfield code="8">BTECHECE</subfield>
    <subfield code="a">PIET</subfield>
    <subfield code="b">PIET</subfield>
    <subfield code="d">2006-08-09</subfield>
    <subfield code="e">UDH, Delhi</subfield>
    <subfield code="g">175.00</subfield>
    <subfield code="k">CM 4732</subfield>
    <subfield code="l">0</subfield>
    <subfield code="o">621.37 GUE</subfield>
    <subfield code="p">912</subfield>
    <subfield code="r">2019-12-04 00:00:00</subfield>
    <subfield code="w">2005-08-22</subfield>
    <subfield code="y">BK</subfield>
  </datafield>
  <datafield tag="952" ind1=" " ind2=" ">
    <subfield code="0">0</subfield>
    <subfield code="1">0</subfield>
    <subfield code="2">ddc</subfield>
    <subfield code="4">0</subfield>
    <subfield code="7">0</subfield>
    <subfield code="8">BTECHECE</subfield>
    <subfield code="a">PIET</subfield>
    <subfield code="b">PIET</subfield>
    <subfield code="d">2006-08-09</subfield>
    <subfield code="e">UDH, Delhi</subfield>
    <subfield code="g">175.00</subfield>
    <subfield code="k">CM 4732</subfield>
    <subfield code="l">0</subfield>
    <subfield code="o">621.37 GUE</subfield>
    <subfield code="p">913</subfield>
    <subfield code="r">2019-12-04 00:00:00</subfield>
    <subfield code="w">2005-08-22</subfield>
    <subfield code="y">BK</subfield>
  </datafield>
  <datafield tag="952" ind1=" " ind2=" ">
    <subfield code="0">0</subfield>
    <subfield code="1">0</subfield>
    <subfield code="2">ddc</subfield>
    <subfield code="4">0</subfield>
    <subfield code="7">0</subfield>
    <subfield code="8">BTECHECE</subfield>
    <subfield code="a">PIET</subfield>
    <subfield code="b">PIET</subfield>
    <subfield code="d">2006-08-09</subfield>
    <subfield code="e">UDH, Delhi</subfield>
    <subfield code="g">175.00</subfield>
    <subfield code="k">CM 4732</subfield>
    <subfield code="l">0</subfield>
    <subfield code="o">621.381 GUE</subfield>
    <subfield code="p">914</subfield>
    <subfield code="r">2019-12-04 00:00:00</subfield>
    <subfield code="w">2005-08-22</subfield>
    <subfield code="y">BK</subfield>
  </datafield>
  <datafield tag="952" ind1=" " ind2=" ">
    <subfield code="0">0</subfield>
    <subfield code="1">0</subfield>
    <subfield code="2">ddc</subfield>
    <subfield code="4">0</subfield>
    <subfield code="7">0</subfield>
    <subfield code="8">BTECHECE</subfield>
    <subfield code="a">PIET</subfield>
    <subfield code="b">PIET</subfield>
    <subfield code="d">2006-08-09</subfield>
    <subfield code="e">UDH, Delhi</subfield>
    <subfield code="g">175.00</subfield>
    <subfield code="k">CM 4732</subfield>
    <subfield code="l">0</subfield>
    <subfield code="o">621.3 KOE</subfield>
    <subfield code="p">915</subfield>
    <subfield code="r">2019-12-04 00:00:00</subfield>
    <subfield code="w">2005-08-22</subfield>
    <subfield code="y">BK</subfield>
  </datafield>
</record>
